000 00446nam a2200169 a 4500
005 20140310183200.0
008 030204s19uu xx 00 eng d
050 _aPN 1994
_b.M297 2001
100 _aMalone, Peter.
245 _aOn Screen /
_cPeter Malone.
260 _aPasay City, Philippines :
_bPaulines Pub.,
_c2001.
300 _a122 p. :
_bill. ;
_c23 cm.
521 _aMC
650 _aFilms
942 _cBK
_2lcc
_kLOC
999 _c19850
_d19850